Państwa, w których są Alpy - Statystyki

Ogólne statystyki
  • Ten quiz został rozwiązany 47 razy
    23 od ostatniego zresetowania
  • Średni wynik to 8 z 9
Statystyki odpowiedzi
Państwo % Poprawnych
Niemcy
100%
Szwajcaria
100%
Austria
94%
Włochy
94%
Francja
88%
Liechtenstein
88%
Słowenia
88%
Węgry
71%
Monako
53%
Nie znaleziono quizów pasujących do podanych kryteriów
Rozkład punktacji
Procent ludzi z każdym wynikiem
Percentyl według liczby udzielonych odpowiedzi
Twoja historia wyników
Nie rozwiązałeś tego quizu od ostatniego zresetowania